000 00431nam a22001697a 4500
005 20180226114249.0
008 160523b xxu||||| |||| 00| 0 eng d
020 _a81-203-014-2
041 _aeng
082 _b4056
_a330.0184
100 _aBaumol / william J
_91002
245 _aEconomic Theory and operations Analysis
260 _aNew Delhi
_bAcademic Faundation
300 _a678
650 _aManagement
_9241
942 _cBK
999 _c1367
_d1367